00404 2200157 4500001002100000005001700021035002500038090001600063100001500079245004900094260003200143300002600175650002200201850001200223990001100235YOGYA00000000008273020150330135722.0 a0010-081400000082447 a297.2 Per I aPermadi, K aIman dan Takwa menurut Al-Qur ancPermadi, K aJakartabRineka Ciptac1995 aviii. 138 hlm.b18 cm aIman kepada Allah aYOPDYOG a9439-P